[Event "Styrian Open A 2013"]
[Site "Bad Gleichenberg AUT"]
[Date "2013.07.07"]
[Round "2.8"]
[White "Poetz,F"]
[Black "Wegerer,F"]
[Result "1/2-1/2"]
[WhiteElo "2429"]
[BlackElo "2218"]

1.e4 c5 2.Nf3 e6 3.d4 cxd4 4.Nxd4 a6 5.Nc3 Qc7 6.Bd3 Nf6 7.O-O Bc5 8.Nb3 Ba7
9.Qe2 Nc6 10.Kh1 d6 11.Bg5 Bd7 12.f4 O-O-O 13.Rae1 h6 14.Bh4 Rdg8 15.e5 Ne8
16.Bg3 h5 17.h3 g6 18.Ne4 d5 19.Ng5 Rf8 20.Rc1 Ng7 21.c4 d4 22.c5 h4 23.Bf2 Nf5
24.Ne4 Kb8 25.Nd6 f6 26.Bxf5 gxf5 27.exf6 Rxf6 28.Nxd4 Rg6 29.Nf3 Rhg8 30.Nxh4 Rh6
31.Nf3 Ne7 32.Ne5 Bc6 33.Nxc6+ Qxc6 34.Bd4 Rxh3+ 35.Kg1 Nd5 36.Rc2 Ka8 37.Rf3 Rxf3
38.Qxf3 Rg4 39.a3 Rxf4 40.Qd1 Rg4 41.Kf1 e5 42.Bg1 Nf4 43.Qf3 e4 44.Qc3 Nd3
45.Qh8+ Bb8 46.Nc8 Nf4 47.Nb6+ Ka7 48.Nc8+ Ka8 49.Nb6+  1/2-1/2

[Event "Styrian Open A 2013"]
[Site "Bad Gleichenberg AUT"]
[Date "2013.07.07"]
[Round "2.18"]
[White "Novkovic,J"]
[Black "Vatter,H"]
[Result "0-1"]
[WhiteElo "2102"]
[BlackElo "2301"]

1.e4 c5 2.Nf3 e6 3.Nc3 a6 4.d4 cxd4 5.Nxd4 Qc7 6.Bd3 Nf6 7.Qe2 d6 8.O-O Be7
9.Kh1 b5 10.a4 b4 11.Na2 d5 12.e5 Nfd7 13.f4 g6 14.Bd2 Qb6 15.c3 bxc3 16.bxc3 Nc6
17.Rab1 Nxd4 18.cxd4 Qxd4 19.Nb4 Bc5 20.Rfc1 O-O 21.a5 Nb8 22.Rf1 Bd7 23.Nc2 Qa4
24.Ra1 Qc6 25.Ne3 Qc7 26.Rfc1 Qa7 27.Ng4 Rc8 28.Nf6+ Kg7 29.Rxc5 Qxc5 30.Qg4 Qd4
31.Nh5+ Kf8 32.Ra3 Qb2 33.Qd1 Qxa3 34.Be2 Bb5 35.Ng3 Bxe2 36.Qxe2 Rc1+ 37.Bxc1 Qxc1+
38.Nf1 Nc6 39.Kg1 Rb8  0-1

[Event "36th Barbera Open"]
[Site "Barbera del Valles ESP"]
[Date "2013.07.07"]
[Round "4.9"]
[White "Sequera Paolini,J"]
[Black "Hayrapetyan,Ho"]
[Result "0-1"]
[WhiteElo "2394"]
[BlackElo "2486"]

1.e4 c5 2.Nf3 e6 3.d4 cxd4 4.Nxd4 a6 5.Nc3 Qc7 6.Bd3 Nc6 7.Nxc6 bxc6 8.Qe2 Bb7
9.O-O d5 10.f4 Nf6 11.e5 Nd7 12.Na4 g6 13.c4 d4 14.Bd2 c5 15.Be4 Rb8 16.b3 Be7
17.Nb2 Bxe4 18.Qxe4 Qb7 19.Qe2 h5 20.Rf3 Kf8 21.Nd3 h4 22.Rh3 Kg7 23.Ne1 Rh5
24.Nf3 Rbh8 25.Rf1 Bd8 26.Be1 Nb8 27.Bf2 Nc6 28.Nd2 Be7 29.Qf3 Qa8 30.Be1 Nb4
31.Qxa8 Rxa8 32.Ne4 Nc6 33.g4 hxg3 34.Rxh5 gxh5 35.hxg3 Kg6 36.Kf2 a5 37.a4 Rb8
38.Nd2 f6 39.exf6 Bxf6 40.Kf3 e5 41.Ke4 exf4 42.gxf4 Re8+ 43.Kd5 Nb4+ 44.Kd6 Nd3
45.f5+ Kf7 46.Nf3 Nxe1 47.Nxe1 d3 48.Nf3 d2 49.Kxc5 Re2 50.Kb6 Rf2 51.Nxd2 Bd8+
52.Kb7 Rxd2 53.c5 Rd3 54.c6 Rxb3+ 55.Kc8 Bf6 56.c7 Be5 57.Rc1 h4 58.Kd7 Rb7
59.Rh1 Rxc7+ 60.Kd8 Rc3  0-1

[Event "Werner-Ott-Open 2013"]
[Site "Berlin GER"]
[Date "2013.07.07"]
[Round "2.9"]
[White "Niehaus,F"]
[Black "Solhjou,Mohammed Hassan"]
[Result "1-0"]
[WhiteElo "2208"]
[BlackElo "2012"]

1.e4 c5 2.Nf3 e6 3.d4 cxd4 4.Nxd4 a6 5.Nc3 Qc7 6.Bd3 Nf6 7.O-O Nc6 8.Be3 Ne5
9.f4 Neg4 10.Bd2 Bc5 11.Ne2 e5 12.fxe5 Qxe5 13.Bf4 Bxd4+ 14.Kh1 Qc5 15.Nxd4 Qxd4
16.e5 Nf2+ 17.Rxf2 Qxf2 18.exf6 d6 19.fxg7 Rg8 20.Bh6 Qf6 21.Qh5 Rxg7 22.Bxg7 Qxg7
23.Re1+ Kf8 24.Qd5 Qf6 25.Bc4 Kg7 26.Rf1 Be6 27.Qxb7 Bxc4 28.Rxf6 Re8 29.h4 Kxf6
30.Qf3+ Ke7 31.Qe4+ Be6 32.Qxh7 Rc8 33.b3 Rc3 34.Kh2 d5 35.h5 Re3 36.Qg7 Re4
37.Qg5+  1-0

[Event "FSFMB July 2013"]
[Site "Budapest HUN"]
[Date "2013.07.07"]
[Round "2.5"]
[White "Bakos,Viktor"]
[Black "Lukacs,Albert"]
[Result "1/2-1/2"]
[WhiteElo "1550"]
[BlackElo "1915"]

1.e4 c5 2.Nf3 e6 3.d4 cxd4 4.Nxd4 a6 5.Nc3 Qc7 6.a3 Nf6 7.Be3 Be7 8.Be2 d6
9.O-O Nbd7 10.Qd2 b6 11.Rad1 Bb7 12.f3 O-O 13.Rfe1 Rac8 14.Nb3 e5 15.Kh1 b5
16.Bf1 Rfe8 17.Qf2 Nf8 18.Bb6 Qc6 19.Na5 Qd7 20.Nxb7 Qxb7 21.Nd5 Nxd5 22.Rxd5 Nd7
23.Be3 f5 24.Rdd1 fxe4 25.fxe4 Rf8 26.Qd2 Nf6 27.Bd3 d5 28.exd5 e4 29.Be2 Rfd8
30.Bg5 Rxd5 31.Qc1 Rxd1 32.Rxd1 Qc6 33.c3 Bc5 34.Rf1 Rf8 35.Bxf6 Rxf6 36.Rxf6 Qxf6
37.Qd1 Qg5 38.Bg4  1/2-1/2

[Event "Klatov Open A 2013"]
[Site "Klatovy CZE"]
[Date "2013.07.07"]
[Round "9.23"]
[White "Vesely,Roman1"]
[Black "Muk,I"]
[Result "0-1"]
[WhiteElo "1899"]
[BlackElo "2038"]

1.e4 c5 2.Nf3 e6 3.d4 cxd4 4.Nxd4 a6 5.Nc3 Qc7 6.a3 Nf6 7.Be2 Bc5 8.Be3 d6
9.Qd2 O-O 10.O-O b5 11.Nb3 Rd8 12.Bf3 Bb7 13.Qe2 Bxe3 14.Qxe3 Nc6 15.Be2 Ne5
16.h3 Nc4 17.Bxc4 bxc4 18.Nd2 d5 19.exd5 Nxd5 20.Nxd5 Bxd5 21.f4 Qb7 22.b3 cxb3
23.cxb3 Bxg2 24.Rf2 Bd5 25.b4 a5 26.Rb1 axb4 27.Rxb4 Qa6 28.a4 Bc6 29.Ne4 Qa5
30.Ra2 Qxb4  0-1

[Event "EY Boys Teams 2013"]
[Site "Maribor SLO"]
[Date "2013.07.07"]
[Round "2"]
[White "Markoja,S"]
[Black "Tesik,C"]
[Result "0-1"]
[WhiteElo "2095"]
[BlackElo "2341"]

1.e4 c5 2.Nf3 e6 3.d4 cxd4 4.Nxd4 a6 5.Nc3 Qc7 6.Bd3 Bd6 7.h3 Nf6 8.O-O Nc6
9.Nxc6 dxc6 10.f4 e5 11.f5 b5 12.a4 Bb7 13.Qe2 O-O 14.Bg5 Be7 15.Nd1 Rad8
16.Nf2 Rd7 17.Rad1 Rfd8 18.Ng4 Qd6 19.Bxf6 Bxf6 20.Nxf6+ Qxf6 21.c3 Qg5 22.Bc2 h6
23.Rxd7 Rxd7 24.Rd1 Rxd1+ 25.Bxd1 c5 26.axb5 axb5 27.b4 c4 28.Bc2 Qf4 29.Qe1 Kh7
30.Kh1 Bc6 31.Kg1 Bb7 32.Kh1 h5 33.Kg1 Kh6 34.Kh1 h4 35.Kg1 Kg5 36.Kh1 Bc6
37.Kg1 Kh6 38.Kh1 Kh7 39.Kg1 Kh6 40.Kh1 Kg5 41.Kg1 f6 42.Kh1 Be8 43.Kg1 Bh5
44.Kh1 g6 45.fxg6 Bxg6 46.Qe2 f5 47.exf5 Bxf5 48.Bxf5 Kxf5 49.Qd1 Ke4 50.Qe2+ Qe3
51.Qc2+ Qd3 52.Qc1 Qe2 53.Qh6 Qe1+ 54.Kh2 Kd3 55.Qc6 Kxc3 56.Qxb5 Kb3 57.Qd5 Kxb4
58.Qd6+ Kb3 59.Qb6+ Kc2 60.Qa6 c3 61.Qa2+ Kd1 62.Qb3+ Kd2 63.Qb4 Qg3+ 64.Kh1 Qf4
65.Qd6+ Qd4 66.Qh6+ Kd1 67.Qh5+ Kc1 68.Qh6+ Kb1 69.Qc6 c2 70.Qb5+ Qb2 71.Qd3 Ka1
72.Kh2 c1=Q 73.Qa6+ Qa2  0-1

[Event "Commonwealth & RSA Open"]
[Site "Port Elizabeth RSA"]
[Date "2013.07.07"]
[Round "3.32"]
[White "Marais,Franco"]
[Black "Kulkarni,R"]
[Result "0-1"]
[WhiteElo "1809"]
[BlackElo "2270"]

1.e4 c5 2.Nf3 e6 3.d4 cxd4 4.Nxd4 a6 5.Nc3 Qc7 6.g3 Bb4 7.Ne2 Be7 8.Bg2 Nc6
9.O-O Nf6 10.h3 d6 11.Be3 b5 12.Nd4 Bb7 13.Nxc6 Bxc6 14.a3 O-O 15.Qe2 Qb7
16.f3 a5 17.Rfc1 Nd7 18.Nd1 d5 19.exd5 Bxd5 20.f4 Nf6 21.Bxd5 Nxd5 22.Bf2 Rac8
23.c3 Bf6 24.Rab1 Rfd8 25.Ne3 Nxe3 26.Qxe3 Rd5 27.Qb6 Qa8 28.Qa7 Qxa7 29.Bxa7 h5
30.Be3 e5 31.Kf2 h4 32.g4 exf4 33.Bxf4 Rd3 34.Be3 Re8 35.Re1 g5 36.Rbd1 Rexe3  0-1

[Event "Styrian Open A 2013"]
[Site "Bad Gleichenberg AUT"]
[Date "2013.07.08"]
[Round "3.7"]
[White "Wittmann,W"]
[Black "Poetz,F"]
[Result "1/2-1/2"]
[WhiteElo "2224"]
[BlackElo "2429"]

1.e4 c5 2.Nf3 e6 3.d4 cxd4 4.Nxd4 a6 5.Nc3 Qc7 6.Bd3 Bc5 7.Nb3 Be7 8.f4 d6
9.Qe2 Nd7 10.Bd2 b6 11.O-O Ngf6 12.Rae1 e5 13.Nd5 Qd8 14.Bc3 O-O 15.Nd2 Re8
16.Nxe7+ Qxe7 17.Nc4 Bb7 18.Ne3 Qf8 19.fxe5  1/2-1/2

[Event "IsBank TCh-TUR 2013"]
[Site "Denizli TUR"]
[Date "2013.07.08"]
[Round "11.3"]
[White "Nevednichy,V"]
[Black "Jojua,D"]
[Result "0-1"]
[WhiteElo "2580"]
[BlackElo "2548"]

1.e4 c5 2.Nf3 e6 3.d4 cxd4 4.Nxd4 a6 5.Nc3 b5 6.Bd3 Qb6 7.Nf3 Qc7 8.O-O Bb7
9.e5 f5 10.Re1 Be7 11.a4 b4 12.Nb1 Nc6 13.Nbd2 Na5 14.Nb3 Nh6 15.Nxa5 Qxa5
16.Bf1 Nf7 17.Bd2 O-O 18.c3 Bd5 19.c4 Bxf3 20.Qxf3 Nxe5 21.Qg3 Bf6 22.Bg5 Ng4
23.Bxf6 Nxf6 24.f3 Qc5+ 25.Kh1 Rfe8 26.Qf4 d6 27.Rad1 Rad8 28.b3 a5 29.Rd2 g6
30.Red1 e5 31.Qg5 Kg7 32.Qh4 e4 33.Be2 Qe3 34.c5 Qxc5 35.Bb5 Re5 36.fxe4 Rxe4
37.Qf2 Qxf2 38.Rxf2 d5 39.Rf3 Rc8 40.Kg1 Kf7 41.h3 Ke6 42.Kf1 Ke5 43.Rfd3 d4
44.g3 Nd5 45.Kf2 Rc2+ 46.R1d2 Rxd2+ 47.Rxd2 Re3 48.Bc4 Nc3 49.Kg2 Rxg3+  0-1

[Event "ch-BEL Open 2013"]
[Site "Antwerp BEL"]
[Date "2013.07.09"]
[Round "4.1"]
[White "Beukema,S"]
[Black "Van Cappellen,J"]
[Result "1/2-1/2"]
[WhiteElo "2295"]
[BlackElo "2144"]

1.e4 c5 2.Nf3 e6 3.d4 cxd4 4.Nxd4 a6 5.Nc3 Qc7 6.Bd3 Nf6 7.O-O d6 8.a4 b6
9.Be3 Bb7 10.f4 Nbd7 11.Qe2 Be7 12.Bf2 O-O 13.Nb3 Rfe8 14.Rae1 e5 15.f5 d5
16.Nxd5 Nxd5 17.exd5 Bxd5 18.Rd1 Bb7 19.Be4 Bxe4 20.Qxe4 Nf6 21.Qe2 b5 22.axb5 axb5
23.Ra1 b4 24.Rfe1 Rac8 25.Rac1 Bf8 26.c4 Qd8  1/2-1/2

[Event "IsBank TCh-TUR 2013"]
[Site "Denizli TUR"]
[Date "2013.07.09"]
[Round "12.4"]
[White "Mammadova,G"]
[Black "Bayram,Y"]
[Result "0-1"]
[WhiteElo "2322"]
[BlackElo "2271"]

1.e4 e6 2.d4 c5 3.Nf3 a6 4.Nc3 cxd4 5.Nxd4 Nc6 6.Be3 d6 7.Be2 Bd7 8.O-O Nf6
9.Kh1 Be7 10.f4 Nxd4 11.Bxd4 Bc6 12.Bf3 Qc7 13.a4 O-O 14.Qe1 e5 15.Be3 exf4
16.Bxf4 Nd7 17.Ne2 Bf6 18.Qb4 Be5 19.Bxe5 Nxe5 20.Rad1 Nxf3 21.Rxf3 Rae8
22.Nc3 Re6 23.Rfd3 f5 24.Rxd6 Rxd6 25.Qxd6 Qxd6 26.Rxd6 fxe4 27.Kg1 e3 28.Re6 Rf2
29.Rxe3 Rxg2+ 30.Kf1 Rxh2 31.b4 Rxc2 32.b5 axb5 33.axb5 Bg2+ 34.Kg1 Kf7 35.Ne2 Bd5
36.Nc3 Rd2 37.Re5 Bg2 38.Rg5 Rc2 39.Na4 Bh3 40.Rh5 Bd7 41.Nc5 Bxb5 42.Nxb7 Bc6
43.Nd8+ Kg6 44.Ra5 Be4 45.Ne6 Kf6 46.Nc5 Bf5 47.Nb3 g6 48.Nd4 Rc4 49.Nxf5 gxf5
50.Ra7 h5 51.Kg2 Kg5 52.Ra3 Kf4 53.Rf3+ Ke4 54.Rf2 Rc3 55.Re2+ Kf4 56.Rf2+ Kg4
57.Ra2 h4 58.Ra4+ f4 59.Ra2 Rg3+ 60.Kh2 Re3 61.Kg2 h3+ 62.Kh2 Re4 63.Ra8 Re2+
64.Kg1 Kg3 65.Rg8+ Kf3 66.Rh8 Re1+ 67.Kh2 Kf2 68.Ra8 f3 69.Ra3 Ke2 70.Ra2+ Ke3
71.Ra3+ Kf4 72.Ra4+ Re4 73.Ra8 f2 74.Rf8+ Ke3 75.Kg3 Rg4+ 76.Kxg4 h2 77.Re8+ Kd2
78.Rd8+ Ke2 79.Rh8 f1=Q 80.Rxh2+ Ke3 81.Rh3+ Ke4 82.Rg3 Qf5+ 83.Kh4 Qh7+
84.Kg4 Qh6 85.Rg2 Qg6+ 86.Kh3 Qh5+ 87.Kg3 Ke3 88.Rg1 Qg5+ 89.Kh2 Qh4+ 90.Kg2 Ke2  0-1

[Event "St. Pauli Open 2013"]
[Site "Hamburg GER"]
[Date "2013.07.09"]
[Round "4.11"]
[White "Voigt,Ma"]
[Black "Johannsen,D"]
[Result "1-0"]
[WhiteElo "2301"]
[BlackElo "2095"]

1.e4 c5 2.Nf3 e6 3.d4 cxd4 4.Nxd4 a6 5.Nc3 Qc7 6.g3 b5 7.Bg2 Bb7 8.O-O Nc6
9.Re1 Bc5 10.Nd5 Qd8 11.Be3 Ba7 12.Nxc6 dxc6 13.Bxa7 Rxa7 14.Qd4  1-0

[Event "EY Boys Teams 2013"]
[Site "Maribor SLO"]
[Date "2013.07.10"]
[Round "5"]
[White "Tesik,C"]
[Black "Rieger,R"]
[Result "1-0"]
[WhiteElo "2341"]
[BlackElo "2174"]

1.e4 c5 2.Nf3 e6 3.d4 cxd4 4.Nxd4 a6 5.Nc3 Qc7 6.Bd3 Nf6 7.O-O Bc5 8.Nb3 Be7
9.f4 d6 10.Qe2 Nbd7 11.Bd2 O-O 12.Rae1 b5 13.e5 Nd5 14.Nxd5 exd5 15.e6 Nc5
16.exf7+ Rxf7 17.Nxc5 dxc5 18.Qh5 g6 19.Qxd5 Bb7 20.Qe6 Rd8 21.Bc3 Bd5 22.Qg4 c4
23.Be4 Bxe4 24.Rxe4 b4 25.Be5 Qc6 26.Qe2 Rc8 27.Rd1 Bc5+ 28.Kh1 Ba7 29.h3 Qb5
30.Qg4 Re8 31.Qe2 Rc8 32.Kh2 a5 33.b3 Rb7 34.Rxc4  1-0

[Event "Styrian Open A 2013"]
[Site "Bad Gleichenberg AUT"]
[Date "2013.07.11"]
[Round "6.17"]
[White "Novkovic,J"]
[Black "Wegerer,F"]
[Result "0-1"]
[WhiteElo "2102"]
[BlackElo "2218"]

1.e4 c5 2.Nf3 e6 3.d4 cxd4 4.Nxd4 a6 5.Nc3 Qc7 6.Bd3 Nf6 7.Qe2 Bc5 8.Nb3 Bd6
9.g3 Nc6 10.f4 Bb4 11.Bd2 d6 12.a3 Bxc3 13.Bxc3 e5 14.Qg2 Be6 15.Nd2 b5 16.f5 Bc8
17.g4 Bb7 18.g5 Nh5 19.Rf1 g6 20.Be2 Ng7 21.Bg4 gxf5 22.Bxf5 Nxf5 23.Rxf5 a5
24.Nb3 b4 25.axb4 axb4 26.Rxa8+ Bxa8 27.Bd2 Ne7 28.Qf1 O-O 29.Qd3 Nxf5 30.exf5 Qb6
31.Be3 Qc6 32.Kd2 Qg2+ 33.Qe2 Qh3 34.f6 Rc8 35.Nc1 Bf3 36.Qf2 d5 37.c3 bxc3+
38.bxc3 Ra8 39.Ba7 d4 40.Bc5 dxc3+ 41.Kxc3 Be4+ 42.Qe3 Ra3+  0-1

[Event "36th Barbera Open"]
[Site "Barbera del Valles ESP"]
[Date "2013.07.11"]
[Round "8.6"]
[White "Asis Gargatagli,H"]
[Black "Hayrapetyan,Ho"]
[Result "1/2-1/2"]
[WhiteElo "2487"]
[BlackElo "2486"]

1.e4 c5 2.Nf3 e6 3.d4 cxd4 4.Nxd4 a6 5.Nc3 Qc7 6.Bd3 Nc6 7.Nxc6 dxc6 8.O-O Nf6
9.f4 e5 10.Kh1 Bd6 11.f5 b5 12.a4 Bb7 13.axb5 axb5 14.Rxa8+ Bxa8 15.Bxb5 cxb5
16.Nxb5 Qc6 17.Qxd6 Qxb5 18.Rd1 Nd7 19.Bg5 f6 20.Qe6+ Kd8 21.Bxf6+ gxf6 22.Qxf6+ Kc7
23.Qxh8 Bxe4 24.Qg7 Bxf5 25.Qe7 Qc6 26.c3 Be4 27.Rd2 Bd5 28.Qxh7 Qf6 29.Kg1 Qb6+
30.Rf2 Qe3 31.Qh3 Qc1+ 32.Rf1 Qxb2 33.Qg3 Qe2 34.Re1 Qd2 35.Rf1 Bc4 36.Ra1 Bd3
37.h3 Qxc3 38.Ra7+ Kd6 39.Ra6+ Kc5 40.Kh2 Qd4 41.Ra3 Be4 42.Rc3+ Kd6 43.Rc8 Bd5
44.Qa3+ Ke6 45.Re8+ Kf5 46.Qe7 Qf4+ 47.Kg1 Qc1+ 48.Kh2 Qf4+ 49.Kg1 Nf6 50.g4+ Kg6
51.Qxe5 Qc1+ 52.Qe1 Qc5+ 53.Qe3 Qc2 54.Qe2 Qc1+ 55.Qe1 Qc5+ 56.Qe3 Qc2  1/2-1/2

[Event "23rd Heart of FIN"]
[Site "Jyvaskyla FIN"]
[Date "2013.07.11"]
[Round "6.10"]
[White "Lobanov,Sergei"]
[Black "Kochyev,A"]
[Result "1/2-1/2"]
[WhiteElo "2198"]
[BlackElo "2417"]

1.e4 c5 2.Nf3 e6 3.d4 cxd4 4.Nxd4 a6 5.Nc3 Nc6 6.Be2 Nge7 7.O-O b5 8.Bf4 Nxd4
9.Qxd4 Nc6 10.Qd3 d6 11.Rad1 Ra7 12.Qg3 Rd7 13.Rd2 h5 14.Bg5 h4 15.Qg4 Ne5
16.Bxd8 Nxg4 17.Bg5 Ne5 18.Rfd1 Be7 19.Be3 Rc7 20.a4 bxa4 21.Nxa4 Bb7 22.f3 h3
23.g3 f5 24.exf5 Nxf3+ 25.Bxf3 Bxf3 26.Rf1 Bg2 27.Rff2 Rh5 28.fxe6 Re5 29.Rde2 Rxe6
30.Bg5 Re5 31.Rxe5 dxe5 32.Bxe7 Kxe7 33.Re2 Ke6 34.Nc3  1/2-1/2

[Event "FSIM July 2013"]
[Site "Budapest HUN"]
[Date "2013.07.12"]
[Round "7.3"]
[White "Szalanczy,E"]
[Black "Jia,H"]
[Result "0-1"]
[WhiteElo "2297"]
[BlackElo "2340"]

1.e4 c5 2.Nf3 e6 3.d4 cxd4 4.Nxd4 a6 5.Nc3 Qc7 6.Bd3 Nf6 7.Qe2 d6 8.Bd2 Be7
9.f4 Nbd7 10.g4 Nc5 11.g5 Nfd7 12.h4 b5 13.h5 Bb7 14.Rh3 Rc8 15.a3 Qb6 16.Qf2 h6
17.Ke2 hxg5 18.fxg5 Ne5 19.h6 gxh6 20.gxh6 Rh7 21.Rg1 Kd7 22.Nf3 Nc4 23.Bxc4 bxc4
24.Qd4 f6 25.Rg7 Rxg7 26.hxg7 Rg8 27.Qxc4 a5 28.Nd4 Ba6 29.Ncb5 Rxg7 30.a4 Rg4
31.Re3 e5 32.Nf5 Nxa4 33.Qf7 Bxb5+ 34.c4 Bxc4+ 35.Qxc4 Nc5 36.Qf7 Qd8 37.Bxa5 Qe8
38.Qd5 Qh5 39.Kd2 Qh1 40.Qf7 Rg2+  0-1

[Event "FSIM July 2013"]
[Site "Budapest HUN"]
[Date "2013.07.12"]
[Round "7.5"]
[White "Farago,S"]
[Black "Sean,W"]
[Result "0-1"]
[WhiteElo "2280"]
[BlackElo "2259"]

1.e4 c5 2.Nf3 e6 3.d4 cxd4 4.Nxd4 a6 5.Nc3 Qc7 6.Bd3 Nf6 7.Qe2 d6 8.Be3 b5
9.a3 Bb7 10.f4 Nbd7 11.O-O Be7 12.Kh1 O-O 13.Rae1 Rfe8 14.Bf2 g6 15.e5 Nh5
16.Qe3 Rac8 17.Bg1 Nc5 18.Be2 Ng7 19.Bf3 Bxf3 20.Rxf3 f5 21.Rh3 dxe5 22.fxe5 g5
23.Rh6 Bd8 24.h4 g4 25.Bh2 Qf7 26.Bf4 Nh5 27.g3 Nxf4 28.Qxf4 Nd7 29.Kh2 Rc4
30.Nce2 Kh8 31.b3 Rc5 32.Nc1 Bb6 33.Nd3 Rd5 34.Nc6 a5 35.Qd2 Rc8 36.c4 bxc4
37.bxc4 Rxd3 38.Qxd3 Rxc6 39.Rd1 Kg7 40.Rh5 Nxe5 41.Qc3 Bc7 42.Rg5+ Kf8 43.Kg2 h6
44.Qe3 hxg5 45.Qxg5 Qg7 46.Qh5 Ke7  0-1

[Event "St. Pauli Open 2013"]
[Site "Hamburg GER"]
[Date "2013.07.12"]
[Round "7.6"]
[White "Breyther,R"]
[Black "Wobbe,S"]
[Result "0-1"]
[WhiteElo "2328"]
[BlackElo "2149"]

1.e4 c5 2.Nf3 e6 3.d4 cxd4 4.Nxd4 a6 5.Nc3 Qc7 6.Be2 Nf6 7.O-O d6 8.f4 Be7
9.Kh1 O-O 10.Qe1 b5 11.Bf3 Bb7 12.e5 Nfd7 13.exd6 Bxd6 14.Ndxb5 axb5 15.Nxb5 Qb6
16.Bxb7 Qxb7 17.Nxd6 Qc6 18.Qe4 Ra6 19.Qxc6 Rxc6 20.Ne4 Rxc2 21.b3 Nb6 22.Ba3 Rd8
23.Rfd1 Nd5 24.g3 Nc6 25.Rd2 Rxd2 26.Nxd2 h5 27.Nc4 Nc3 28.Bc5 Ne4 29.Bb6 Rd3
30.Kg2 Nb4 31.Ba5 Nd5 32.Re1 f5 33.Ne5 Rd4 34.Kf3 g5 35.fxg5 Nxg5+ 36.Kg2 Ne4
37.Nc4 Rd3 38.Re2 h4 39.Nd2 hxg3 40.hxg3 Rxg3+ 41.Kh2 Nf4  0-1

[Event "Universiade Women"]
[Site "Kazan RUS"]
[Date "2013.07.12"]
[Round "5.5"]
[White "Munguntuul,B"]
[Black "Kalinina,O"]
[Result "1-0"]
[WhiteElo "2452"]
[BlackElo "2292"]

1.e4 c5 2.Nf3 e6 3.d4 cxd4 4.Nxd4 a6 5.Nc3 Qc7 6.Bd3 Nf6 7.f4 d6 8.Qe2 Nbd7
9.a4 b6 10.g4 h6 11.g5 hxg5 12.fxg5 Nh5 13.Qf2 Ne5 14.Be2 g6 15.Rf1 Bg7 16.Be3 O-O
17.Nb3 Rb8 18.Bd4 Qc6 19.Qh4 b5 20.axb5 axb5 21.Ba7 Rb7 22.Nd4 Rxa7 23.Nxc6 Rxa1+
24.Kd2 Nxc6 25.Rxa1 b4 26.Nd1 d5 27.exd5 exd5 28.Ra8 Be5 29.Ne3 Nf4 30.Bg4 Nd4
31.Qf2 Nde6 32.Bxe6 Nxe6 33.Nxd5 Kg7 34.Kc1 Rd8 35.h4 Rxd5 36.Rxc8 Bf4+ 37.Kb1 Rd2
38.Qb6 Rd4 39.Qb5 Bd6 40.Qe8 Bf8 41.Rb8 Rf4 42.Ka2 Kg8 43.h5 gxh5 44.g6 Rf6
45.gxf7+ Kg7 46.Rb6 b3+ 47.cxb3  1-0

[Event "43rd Nat Jun ch-IND U19"]
[Site "Lucknow IND"]
[Date "2013.07.12"]
[Round "4.7"]
[White "Prince,Ba"]
[Black "Krishna Teja,N"]
[Result "0-1"]
[WhiteElo "2232"]
[BlackElo "2182"]

1.e4 c5 2.Nf3 e6 3.d4 cxd4 4.Nxd4 a6 5.Nc3 Qc7 6.Be2 b5 7.O-O Bb7 8.Re1 Nc6
9.Nxc6 dxc6 10.e5 Bb4 11.Bd3 Ne7 12.Qh5 c5 13.Bd2 Bxc3 14.Bxc3 b4 15.Bd2 c4
16.Bf1 a5 17.c3 Rd8 18.Qe2 bxc3 19.Bxc3 Ba6 20.Rac1 Nd5 21.Qg4 O-O 22.Bd2 Ne7
23.Bg5 Rd5 24.h4 Nf5 25.h5 Rd4 26.Qh3 h6 27.g4 hxg5 28.gxf5 exf5 29.Bg2 Rg4
30.Qe3 Bb7 31.f3 f4 32.Qe2 Rg3 33.Rxc4 Qb6+ 34.Qf2 Qb5 35.Rc3 g4 36.Rb3 Qc6
37.Rb6 Qc8 38.Rxb7 gxf3 39.Qxf3 Rxf3 40.Bxf3 Qc4 41.b3 Qd4+ 42.Kg2 Rc8 43.e6 Rc2+
44.Kh3 Rh2+ 45.Kxh2 Qf2+ 46.Kh1 Qxe1+  0-1

[Event "6th ch-Cent SRB Int 2013"]
[Site "Paracin SRB"]
[Date "2013.07.12"]
[Round "9.35"]
[White "Zarkovic,M"]
[Black "Ilic,Zo1"]
[Result "0-1"]
[WhiteElo "2070"]
[BlackElo "2291"]

1.e4 c5 2.Nf3 e6 3.d4 cxd4 4.Nxd4 a6 5.Nc3 b5 6.Bd3 Qb6 7.Nb3 Qc7 8.Be3 Nf6
9.f4 d6 10.Qf3 Bb7 11.g4 Nc6 12.g5 Nd7 13.O-O-O Nb4 14.Kb1 g6 15.Qf2 Bg7
16.Rhf1 d5 17.Bd4 e5 18.fxe5 O-O 19.exd5 Nxd5 20.Ne4 Bxe5 21.Nf6+ N7xf6 22.gxf6 Rfe8
23.Qh4 Bxd4 24.Nxd4 Qc5 25.Nf5 Kh8 26.Nh6 Qf8 27.Rde1 Ne3 28.Rxe3 Rxe3 29.Bxg6 fxg6
30.Qd4 Rf3 31.Rxf3 Bxf3  0-1

[Event "FSIM July 2013"]
[Site "Budapest HUN"]
[Date "2013.07.13"]
[Round "8.2"]
[White "Sean,W"]
[Black "Li Bo"]
[Result "0-1"]
[WhiteElo "2259"]
[BlackElo "2363"]

1.e4 c5 2.Nf3 a6 3.Nc3 e6 4.d4 cxd4 5.Nxd4 Qc7 6.Bd3 Nf6 7.Qe2 d6 8.O-O Nc6
9.Nb3 Be7 10.f4 b5 11.a3 Bb7 12.Bd2 O-O 13.Rae1 Nd7 14.Qh5 Nc5 15.Nxc5 dxc5
16.e5 g6 17.Qh3 c4 18.Be4 Nd4 19.Bxb7 Qxb7 20.Ne4 Nxc2 21.Re2 Nd4 22.Ree1 h5
23.Bc3 Rfd8 24.g4 hxg4 25.Qxg4 Nf5 26.Rf3 Rd3 27.Ba5 Bh4 28.Rxd3 cxd3 29.Nf6+ Bxf6
30.exf6 Qd5 31.Qg2 Qd4+ 32.Kh1 Rc8 33.Bc3 Qxf4 34.Be5 Qxe5  0-1

[Event "Minsk Open 2013"]
[Site "Minsk BLR"]
[Date "2013.07.13"]
[Round "1.1"]
[White "Smetanin,Al"]
[Black "Zhigalko,A"]
[Result "0-1"]
[WhiteElo "1937"]
[BlackElo "2604"]

1.e4 c5 2.Nf3 e6 3.Nc3 a6 4.d4 cxd4 5.Nxd4 b5 6.a3 Bb7 7.Bd3 d6 8.O-O Nf6
9.Bg5 Nbd7 10.Kh1 h6 11.Bh4 g5 12.Bg3 h5 13.e5 dxe5 14.Nxe6 fxe6 15.Bg6+ Ke7
16.Qe2 Qc7 17.h4 Bh6 18.hxg5 Bxg5 19.f4 h4  0-1

[Event "Commonwealth & RSA Open"]
[Site "Port Elizabeth RSA"]
[Date "2013.07.13"]
[Round "10.29"]
[White "Nadig,K"]
[Black "Barrish,Daniel"]
[Result "0-1"]
[WhiteElo "2141"]
[BlackElo "1824"]

1.e4 c5 2.Nf3 e6 3.d4 cxd4 4.Nxd4 a6 5.Nc3 Qc7 6.Be2 b5 7.O-O Bb7 8.Bf3 d6
9.Re1 Nf6 10.g3 Nbd7 11.Bg2 b4 12.Na4 e5 13.Nb3 Bc6  0-1

[Event "Commonwealth & RSA Open"]
[Site "Port Elizabeth RSA"]
[Date "2013.07.13"]
[Round "10.28"]
[White "Oatlhotse,P"]
[Black "Naidu,S"]
[Result "1/2-1/2"]
[WhiteElo "2204"]
[BlackElo "1850"]

1.e4 c5 2.Nf3 e6 3.d4 cxd4 4.Nxd4 a6 5.Nc3 Qc7 6.Be3 b5 7.Bd3 Bb7 8.O-O Nf6
9.a3 Be7 10.Qe2 d6 11.f4 Nbd7 12.Kh1 O-O 13.Rae1 Nc5 14.Bg1 d5 15.e5 Nfe4
16.Bxe4 Nxe4 17.Nxe4 dxe4 18.c3 Bd5 19.Qg4 f5 20.exf6 Rxf6 21.Be3 Raf8 22.Qd1 Bc4
23.Rg1 e5 24.fxe5 Qxe5 25.Ne2 Bd6 26.Ng3 a5 27.Qd4 Qxd4 28.cxd4 Bxg3 29.hxg3 a4
30.Kh2 Bd5  1/2-1/2

[Event "15th Torredembarra Open 2013"]
[Site "Torredembarra ESP"]
[Date "2013.07.13"]
[Round "8.3"]
[White "Farran Martos,F"]
[Black "Pogorelov,R"]
[Result "0-1"]
[WhiteElo "2325"]
[BlackElo "2392"]

1.e4 c5 2.Nf3 e6 3.d4 cxd4 4.Nxd4 a6 5.Nc3 Qc7 6.Be3 Nf6 7.Bd3 b5 8.O-O Bb7
9.a3 d6 10.f4 Nbd7 11.Qf3 Be7 12.g4 g5 13.f5 e5 14.Nde2 h5 15.Bxg5 hxg4 16.Qg2 d5
17.Bxf6 Nxf6 18.Ng3 dxe4 19.Ngxe4 O-O-O 20.Qe2 g3 21.hxg3 Rdg8 22.Rf3 Ng4
23.Nd1 Bc5+ 24.Nxc5 Bxf3 25.Qxf3 Qxc5+ 26.Nf2 Nxf2 27.b4 Qb6 28.Kg2 Ng4 29.Rh1 Ne3+
30.Kf2 Nxf5+ 31.Kg2 Ne3+ 32.Kf2 Rxh1 33.Qa8+ Kc7 34.Qxg8 Nf5+ 35.Kf3 Qe3+  0-1

[Event "FSIM July 2013"]
[Site "Budapest HUN"]
[Date "2013.07.14"]
[Round "9.4"]
[White "Farago,S"]
[Black "Jia,H"]
[Result "1/2-1/2"]
[WhiteElo "2280"]
[BlackElo "2340"]

1.e4 c5 2.Nf3 e6 3.d4 cxd4 4.Nxd4 a6 5.Nc3 Qc7 6.Bd3 Nf6 7.Qe2 d6 8.Be3 Be7
9.O-O Nbd7 10.f4 b5 11.a3 Bb7 12.Rae1 O-O 13.Bf2 g6 14.e5 Nh5 15.Qe3 Rad8
16.Nb3 Rc8 17.Be2 Ng7 18.Bg4 h5 19.Bh3 dxe5 20.fxe5 g5 21.g3 Qc6 22.Qe4 Qxe4
23.Nxe4 Nxe5 24.Nxg5 Ng4 25.Ne4 Rxc2 26.Bc5 Bxc5+ 27.Nbxc5 Bxe4 28.Nxe4 Rd8
29.Bxg4 hxg4 30.Nf6+ Kf8 31.Rf2 Rdd2 32.Rxd2 Rxd2 33.b4 Rd4 34.Re4 Rd1+ 35.Kf2 Rd2+
36.Kg1 Ke7 37.Rf4 e5 38.Rf1 Rd4 39.Ng8+ Ke6 40.Rf6+ Kd5 41.Rxf7 Ne6 42.Nf6+ Kc4
43.Re7 Ng5 44.Kf2 Ne4+ 45.Nxe4 Rxe4 46.Ra7 Kd3 47.Rxa6 Re2+ 48.Kg1 e4 49.Rd6+ Ke3
50.Rd5 Ra2 51.Rxb5 Rxa3 52.Rg5 Kd2 53.Rxg4 e3 54.Rd4+ Rd3 55.Re4 Rd8 56.Kg2 e2
57.Kf3 Rf8+ 58.Kg4 e1=Q 59.Rxe1 Kxe1 60.h4 Kf2 61.h5 Rb8 62.h6 Rxb4+ 63.Kf5 Kxg3
64.h7 Rh4 65.Kg6 Rxh7 66.Kxh7  1/2-1/2

[Event "17th Battle of Senta"]
[Site "Senta SRB"]
[Date "2013.07.14"]
[Round "2.12"]
[White "Vucinic,G"]
[Black "Kaszas,V"]
[Result "1-0"]
[WhiteElo "2252"]
[BlackElo "2040"]

1.e4 c5 2.Nf3 e6 3.d4 cxd4 4.Nxd4 a6 5.Nc3 Qc7 6.Bd3 Nf6 7.f4 d6 8.Qf3 b5
9.a3 Bb7 10.Bd2 Nbd7 11.g4 Nb6 12.g5 Nfd7 13.O-O-O Rc8 14.Kb1 Nc5 15.f5 e5
16.Nb3 Nba4 17.Nxa4 Nxa4 18.Na5 Ba8 19.Rc1 Nc5 20.c4 bxc4 21.Nxc4 Nb3 22.Rc3 Nd4
23.Qf2 Nb5 24.Nxd6+ Bxd6 25.Rxc7 Rxc7 26.f6 g6 27.Bxb5+ axb5 28.Re1 Bb7 29.Qb6 Kd7
30.Bb4 Bxb4 31.axb4 Rhc8 32.Qxb5+ Ke6 33.Qd3 Rc4 34.Qh3+ Kd6 35.Rd1+ Rd4
36.Rxd4+ exd4 37.Qd3 Re8 38.Qxd4+ Kc7 39.e5 Re6 40.b5 Bc8 41.Qc5+ Kb7 42.Ka2 Bd7
43.Ka3 Rb6 44.Kb4  1-0

[Event "17th Battle of Senta"]
[Site "Senta SRB"]
[Date "2013.07.15"]
[Round "4.7"]
[White "Cica,Dr"]
[Black "Andrijevic,M"]
[Result "1/2-1/2"]
[WhiteElo "2063"]
[BlackElo "2322"]

1.e4 c5 2.Nf3 e6 3.d4 cxd4 4.Nxd4 a6 5.Nc3 Qc7 6.Be2 Nc6 7.Be3 Nf6 8.O-O Bb4
9.Nxc6 bxc6 10.Na4 Be7 11.Nb6 Rb8 12.Nxc8 Qxc8 13.Bd4 c5 14.Be5 Rb6 15.Qd3 d6
16.Bc3 O-O 17.Qg3 g6 18.Qf4 Nd7 19.Bc4 Rc6 20.Rfe1 Qd8 21.Rad1 Bg5 22.Qf3 Qe7
23.g3 Bh6 24.b3 Bg7 25.Bxg7  1/2-1/2